000 00489nam a2200217Ia 4500
005 20250425161734.0
008 250425s9999 xx 000 0 und d
020 _a9978801235
041 _aspa
082 _a860.9866
100 _aCARRION, BENJAMIN
245 0 _aATAHUALLPA
250 _a1A ED.
260 _aEcuador
_bLIBRESA
_c1992
260 _aQUITO
300 _a348
650 _aECUADOR-HISTORIA
650 _aLITERATURA ECUATORIANA
942 _c01
010 _a26986
999 _c215091
_d215091